Matadero cinco o "la cruzada de los inocentes" / (Record no. 141632)

MARC details
000 -LEADER
campo de control de longitud fija 00814nam a2200241 i 4500
001 - NÚMERO DE CONTROL
campo de control 141632
003 - IDENTIFICADOR DE NÚMERO DE CONTROL
campo de control ES-MaACL
005 - FECHA Y HORA DE LA ÚLTIMA TRANSACCIÓN
campo de control 20251018063104.0
007 - CAMPO FIJO DE DESCRIPCIÓN FÍSICA--INFORMACIÓN GENERAL
campo de control de longitud fija t|
008 - DATOS DE LONGITUD FIJA--INFORMACIÓN GENERAL
campo de control de longitud fija 070926s1970 sp ||||1| spa d
040 ## - FUENTE DE CATALOGACIÓN
Centro/agencia transcriptor ES-MaACL
100 1# - ENTRADA PRINCIPAL--NOMBRE DE PERSONA
Nombre de persona Vonnegut, Kurt,
Fechas asociadas al nombre 1922-2007
9 (RLIN) 242361
Término indicativo de función/relación Autor
245 10 - MENCIÓN DEL TÍTULO
Título Matadero cinco o "la cruzada de los inocentes" /
Mención de responsabilidad, etc. Kurt Vonnegut ; [traducido por Margarita García Miró].
250 ## - MENCION DE EDICION
Mención de edición Primera edición
260 ## - PUBLICACIÓN, DISTRIBUCIÓN, ETC.
Lugar de publicación, distribución, etc. Barcelona :
Nombre del editor, distribuidor, etc. Grijalbo,
Fecha de publicación, distribución, etc. [1970]
300 ## - DESCRIPCIÓN FÍSICA
Extensión 233 páginas ;
Dimensiones 20 cm.
655 #7 - TERMINO DE INDIZACIÓN--GENERO/FORMA
Fuente del término tgfbne
9 (RLIN) 176428
Datos o término principal de género/forma Novelas de humor
700 1# - ENTRADA AGREGADA--NOMBRE PERSONAL
Nombre de persona García de Miró, Margarita
9 (RLIN) 54475
Término indicativo de función/relación Traductor
852 ## - LOCALIZACIÓN
Ubicación ES-MaACL
Número de control de estantería C-39914
Sublocalización o colección R.73781
itemnumber 146750
Ubicación en estantería Depósito 2
942 ## - ELEMENTOS DE ENTRADA SECUNDARIOS (KOHA)
Tipo de ítem Koha Libro impreso
Suprimir en OPAC No
Holdings
Estatus retirado Estado de pérdida Estado de daño No para préstamo Biblioteca de origen Biblioteca actual Ubicación en estantería Fecha de adquisición Fuente de adquisición Total de préstamos Signatura topográfica completa Código de barras Visto por última vez Precio de reemplazo Tipo de ítem Koha
        Biblioteca del Ateneo de Madrid Biblioteca del Ateneo de Madrid Depósito 2 17/01/2008     C-39914 1147370 23/02/2023 23/02/2023 Libro impreso